书目信息 |
| 题名: |
能量
|
|
| 作者: | 陈军 著 | |
| 分册: | ||
| 出版信息: | 北京 企业管理出版社 2013 |
|
| 页数: | 157页 | |
| 开本: | 24cm | |
| 丛书名: | ||
| 单 册: | ||
| 中图分类: | F272.91 | |
| 科图分类: | ||
| 主题词: | 企业领导学--研究 | |
| 电子资源: | ||
| ISBN: | 978-7-5164-0245-0 | |
| 000 | 00788nam0 2200241 450 | |
| 001 | 338986 | |
| 005 | 20150604095422.71 | |
| 010 | @a978-7-5164-0245-0@dCNY33.00 | |
| 100 | @a20130520d2013 em y0chiy50 ea | |
| 101 | 0 | @achi |
| 102 | @aCN@b110000 | |
| 105 | @ay z 000yy | |
| 106 | @ar | |
| 200 | 1 | @a能量@Aneng liang@d= Energy@f陈军著@zeng |
| 210 | @a北京@c企业管理出版社@d2013 | |
| 215 | @a157页@d24cm | |
| 330 | @a本书内容包括: 开启“能量之门”;确认“状态”, 能量的惊人发现;能量的惊人发现, 气场;能量轨迹, 心灵解码;正能量, 离成功只有一步;分享, 商业的能量;超越, 管理的能量。 | |
| 510 | 1 | @aEnergy@zeng |
| 606 | 0 | @a企业领导学@x研究 |
| 690 | @aF272.91@v5 | |
| 701 | 0 | @a陈军@Achen jun@c(企业培训)@4著 |
| 801 | 0 | @aCN@b卓展宏图@c20150525 |
| 905 | @dF272.91@e1231@f5 | |
| 能量= Energy/陈军著.-北京:企业管理出版社,2013 |
| 157页;24cm |
| ISBN 978-7-5164-0245-0:CNY33.00 |
| 本书内容包括: 开启“能量之门”;确认“状态”, 能量的惊人发现;能量的惊人发现, 气场;能量轨迹, 心灵解码;正能量, 离成功只有一步;分享, 商业的能量;超越, 管理的能量。 |
| ● |
| 相关链接 |
|
|
|
|
正题名:能量
索取号:F272.91/1231
 
预约/预借
| 序号 | 登录号 | 条形码 | 馆藏地/架位号 | 状态 | 备注 |
| 1 | 858801 | 208588018 | 第一样本阅览室/ [索取号:F272.91/1231] | 在馆 | |
| 2 | 858802 | 208588027 | 第一借阅区/ [索取号:F272.91/1231] | 在馆 | |
| 3 | 858803 | 208588036 | 第一借阅区/ [索取号:F272.91/1231] | 在馆 | |
| 4 | 858804 | 208588045 | 第一借阅区/ [索取号:F272.91/1231] | 在馆 | |
| 5 | 858805 | 208588054 | 第一借阅区/ [索取号:F272.91/1231] | 在馆 |